Gdynia 109 zkm wszystkie przystanki - Statystyki

Ogólne statystyki
  • Ten quiz został rozwiązany 96 razy
  • Średni wynik to 15 z 26
Statystyki odpowiedzi
Hint Odpowiedź % Poprawnych
26 Babie Doły
95%
17 Obłuże Centrum
84%
14 Kalksztajnów
79%
15 Morska - Estakada
79%
1 Redłowo SKM
75%
7 Armii Krajowej
74%
18 Cechowa
69%
13 Mireckiego
69%
8 3 Maja
67%
16 Hutnicza - Estakada
67%
12 Uniwersytet Morski
64%
20 Bosmańska - Zielona
62%
19 Bosmańska - Nasypowa
59%
4 Centrum Handlowe Riviera
59%
21 Dąbka - Zielona
56%
11 Stocznia SKM - Morska
51%
10 Bpa Okoniewskiego
49%
3 Gdynia Arena
46%
23 Zielona - Działki I
44%
22 Zielona - Działki II
44%
25 Zielona - Kościół
43%
6 Kilińskiego
41%
2 Łużycka
38%
24 Wąwóz Ostrowicki
38%
5 Wzgórze Św. Maksymiliana SKM
30%
9 Gdynia Dworzec Gł. PKP - Morska
28%
Nie znaleziono quizów pasujących do podanych kryteriów
Rozkład punktacji
Procent ludzi z każdym wynikiem
Percentyl według liczby udzielonych odpowiedzi
Twoja historia wyników
Nie rozwiązałeś tego quizu